Elements of approximation theory
Saved in:
| Hovedforfatter: | |
|---|---|
| Format: | Bog |
| Sprog: | engelsk |
| Udgivet: |
Río de Janeiro
Intituto de Matemática Pura e Aplicada
1965
|
| Serier: | Notas de Matemática, 38
|
| Fag: | |
| Tags: |
Tilføj Tag
Ingen Tags, Vær først til at tagge denne postø!
|
MARC
| LEADER | 00000nam a2200000 a 4500 | ||
|---|---|---|---|
| 001 | UCQ9929 | ||
| 003 | CL-VaPUC | ||
| 008 | 990128e19650000BL |||||||||||||||||eng|d | ||
| 082 | 0 | 4 | |a 511.4 |b NAC |2 21 |
| 100 | |a Nachbin, Leopoldo |e author |9 424629 | ||
| 245 | 1 | 0 | |a Elements of approximation theory |
| 300 | |a 121 p | ||
| 942 | |c BK | ||
| 945 | |d 19990128 00:00:00 |a crobeson | ||
| 260 | |a Río de Janeiro |b Intituto de Matemática Pura e Aplicada |c 1965 | ||
| 650 | 7 | |a TEORIA DE LA APROXIMACIO |2 CL-VaPUC |9 424630 | |
| 650 | 0 | |a Espacios vectoriales topológicos |9 424115 | |
| 650 | 7 | |a ESPACIOS DE BANACH |2 CL-VaPUC |9 260167 | |
| 583 | |a last modification |c 19990128 00:00:00 |k Rodrigo Vera | ||
| 490 | 0 | |a Notas de Matemática, 38 | |
| 999 | |c 278828 |d 278826 | ||
| 952 | |0 0 |1 0 |4 0 |6 511_400000000000000_NAC_1965 |7 0 |8 A |9 317614 |a BIBMAT |b BIBMAT |d 2019-11-20 |i 1319329 |o 511.4 NAC 1965 |p 1319329 |r 2025-01-07 |w 2019-11-20 |y BK |k MAT | ||